[Event "Barbera del Valles op 29th"]
[Site "Barbera del Valles"]
[Date "2006.07.11"]
[Round "7"]
[White "Ridameya Tatche, Jose Miguel"]
[Black "Campo Echevarria, Juan Francisco"]
[Result "1/2-1/2"]
[WhiteElo "2204"]
[BlackElo "2087"]
[PlyCount "198"]
[EventDate "2006.07.05"]
[EventType "swiss"]
[EventRounds "9"]
[EventCountry "ESP"]
[SourceTitle "CBM 113 Extra"]
[Source "ChessBase"]
[SourceDate "2006.09.14"]
[SourceVersion "1"]
[SourceVersionDate "2006.09.14"]
[SourceQuality "1"]

1. e4 g6 2. d4 Bg7 3. Nc3 c5 4. Nf3 Nc6 5. Be3 Qa5 6. d5 Ne5 7. Nd2 d6 8. Be2 h5 9. h3 Nh6 10. 0-0 a6 11. a4 Qc7 12. a5 Nd7 13. Nf3 0-0 14. Qd2 Kh7 15. Ng5+ Kg8 16. Ne6 fxe6 17. Bxh6 e5 18. Be3 Nf6 19. Bf3 Bd7 20. Na4 Rf7 21. Nb6 Raf8 22. b4 cxb4 23. Qxb4 Nh7 24. Be2 Nf6 25. Rab1 Bxh3 26. gxh3 Qxc2 27. Qc4 Qxe4 28. Qxe4 Nxe4 29. Rbc1 Kh7 30. Rc7 Bh6 31. Nc4 Bxe3 32. fxe3 Nc3 33. Rxf7+ Rxf7 34. Bf1 Nxd5 35. Rxb7 Rf5 36. h4 e4 37. Bg2 Nc3 38. Rxe7+ Kg8 39. Bxe4 Nxe4 40. Rxe4 Rc5 41. Nxd6 Rxa5 42. Kf2 g5 43. hxg5 Rxg5 44. Ra4 a5 45. Nb7 Rf5+ 46. Kg3 Rg5+ 47. Kh4 Re5 48. e4 Kf7 49. Nxa5 Kf6 50. Nc6 Rc5 51. Nd4 Ke5 52. Nf3+ Kf4 53. Ng1 Re5 54. Nh3+ Kf3 55. Ng1+ Ke3 56. Ra3+ Kxe4 57. Nf3 Rf5 58. Ng5+ Kf4 59. Ra4+ Ke3 60. Kxh5 Rd5 61. Re4+ Kd3 62. Re6 Kd4 63. Kg6 Kc5 64. Ne4+ Kd4 65. Nf6 Re5 66. Ra6 Re1 67. Ra4+ Ke5 68. Ng4+ Kd6 69. Ra5 Rg1 70. Kg5 Ke6 71. Re5+ Kd6 72. Re8 Kd5 73. Ra8 Ke4 74. Ra4+ Kd5 75. Kf4 Rf1+ 76. Kg3 Re1 77. Kf2 Re6 78. Kf3 Rc6 79. Ne3+ Ke6 80. Ke4 Rb6 81. Nc4 Rb1 82. Ra6+ Kf7 83. Ne5+ Ke7 84. Ng6+ Kf7 85. Kf5 Rb5+ 86. Ne5+ Ke7 87. Re6+ Kd8 88. Kf6 Kc7 89. Re7+ Kd6 90. Re8 Kc5 91. Rc8+ Kd4 92. Rc4+ Ke3 93. Kf5 Rb8 94. Re4+ Kd2 95. Rg4 Ke3 96. Rg3+ Kf2 97. Ra3 Rf8+ 98. Ke4 Rc8 99. Rf3+ Ke2 1/2-1/2

[Event "Barbera del Valles op 29th"]
[Site "Barbera del Valles"]
[Date "2006.07.05"]
[Round "1"]
[White "Campo Echevarria, Juan Francisco"]
[Black "Asis Gargatagli, Hipolito"]
[Result "0-1"]
[WhiteElo "2087"]
[BlackElo "2361"]
[PlyCount "50"]
[EventDate "2006.07.05"]
[EventType "swiss"]
[EventRounds "9"]
[EventCountry "ESP"]
[SourceTitle "CBM 113 Extra"]
[Source "ChessBase"]
[SourceDate "2006.09.14"]
[SourceVersion "1"]
[SourceVersionDate "2006.09.14"]
[SourceQuality "1"]

1. e4 c5 2. Nc3 e6 3. Nf3 a6 4. d4 b5 5. Bd3 Bb7 6. a3 Nc6 7. d5 Nce7 8. dxe6 dxe6 9. 0-0 Ng6 10. Bg5 Be7 11. Bxe7 N8xe7 12. Re1 0-0 13. e5 Qc7 14. Qe2 Nf4 15. Bxh7+ Kxh7 16. Ng5+ Kg8 17. Qg4 f6 18. Nxe6 Nxe6 19. Qxe6+ Rf7 20. exf6 Qc6 21. Qh3 Ng6 22. fxg7 Rxg7 23. Qe6+ Qxe6 24. Rxe6 Nf4 25. Rf6 Rxg2+ 0-1

[Event "La Roda op 32nd"]
[Site "La Roda"]
[Date "2005.03.25"]
[Round "5"]
[White "Vitor, Antonio Pedro Caste"]
[Black "Campo Echevarria, Juan Francisco"]
[Result "1-0"]
[WhiteElo "2343"]
[BlackElo "2139"]
[PlyCount "45"]
[EventDate "2005.03.23"]
[EventType "swiss"]
[EventRounds "9"]
[EventCountry "ESP"]
[SourceTitle "CBM 105 Extra"]
[Source "ChessBase"]
[SourceDate "2005.05.01"]
[SourceVersion "1"]
[SourceVersionDate "2005.05.01"]
[SourceQuality "1"]

1. b3 Nf6 2. Bb2 e6 3. e3 d5 4. Nf3 Be7 5. Rg1 c5 6. g4 Rg8 7. g5 Ne4 8. h4 Nc6 9. Bb5 Bd7 10. Bxc6 Bxc6 11. Ne5 g6 12. d3 Nd6 13. Nd2 f6 14. Nxc6 bxc6 15. Qg4 Kd7 16. 0-0-0 Nf7 17. Nf3 f5 18. Qa4 Qc7 19. c4 Rgb8 20. Bc3 a5 21. d4 Ra7 22. dxc5 Bxc5 23. cxd5 1-0

[Event "La Roda op 32nd"]
[Site "La Roda"]
[Date "2005.03.24"]
[Round "2"]
[White "Campo Echevarria, Juan Francisco"]
[Black "Movsziszian, Karen"]
[Result "0-1"]
[WhiteElo "2139"]
[BlackElo "2455"]
[PlyCount "52"]
[EventDate "2005.03.23"]
[EventType "swiss"]
[EventRounds "9"]
[EventCountry "ESP"]
[SourceTitle "CBM 105 Extra"]
[Source "ChessBase"]
[SourceDate "2005.05.01"]
[SourceVersion "1"]
[SourceVersionDate "2005.05.01"]
[SourceQuality "1"]

1. Nf3 g6 2. c4 Bg7 3. d4 Nf6 4. Nc3 0-0 5. e4 d6 6. Be2 Nbd7 7. 0-0 e5 8. dxe5 dxe5 9. Qc2 c6 10. Rd1 Re8 11. Bf1 Qe7 12. Rb1 Nc5 13. b4 Ncxe4 14. Nxe4 Nxe4 15. Re1 Nd6 16. Rb3 Bf5 17. Qe2 a5 18. bxa5 Rxa5 19. Ba3 Rea8 20. Bxd6 Qxd6 21. Rxb7 Rxa2 22. Rd1 Qf6 23. Qe3 h6 24. Nd2 Qd8 25. Be2 Bc2 26. Rc1 R8a3 0-1